| 000 | 00485nam a2200217Ia 4500 | ||
|---|---|---|---|
| 999 |
_c50470 _d50470 |
||
| 003 | 0100 | ||
| 005 | 20190219120959.0 | ||
| 008 | 130303s9999 xx 000 0 und d | ||
| 020 | _a0529020769 | ||
| 040 | _cARRUPELIB | ||
| 050 | _aBL48.W35 1957 | ||
| 100 |
_aWhitehead, Alfred North _944779 |
||
| 245 |
_aReligion in the making _cAlfred North Whitehead |
||
| 250 | _a1st ed. | ||
| 260 |
_aNew York _bThe World Publishing Company _c1960 |
||
| 300 |
_a160p. ; _c21cm. |
||
| 650 |
_aReligion _944780 |
||
| 942 | 0 | 0 |
_01 _2lcc _cMONOGRAPH |